000 01446nam0a22002891 4500
001 v19\rc\1885471
005 20251118180341.4
035 _a(NLR Aleph) 004974130
090 _a6115994
_c6115994
100 _a20080221g1910 u y0rusy50 ca
101 0 _arus
102 _aRU
105 _aa z |||||
200 1 _aТруды Совещания, образованного для выяснения нужд Кавказских минеральных вод и обсуждения мероприятий к обеспечению их дальнейшего развития
_fПод ред. секр. Совещ. д-ра В.А. Александрова
210 _aМосква
_d1910-
215 _a[7], 180 с., 3 л. диагр.
_d24
702 1 _4340
_7ca
_8rus
_aАлександров
_bВ. А.
_cд-р мед. наук, бальнеолог
_f1877-1956
_gВасилий Александрович
_9212073
_3RU\NLR\AUTH\770212129
710 1 2 _aСовещание для выяснения нужд Кавказских минеральных вод и обсуждения мероприятий к обеспечению их дальнейшего развития
_f1909
_eПятигорск
801 0 _aRU
_bNLR
_gpsbo
801 0 _aRU
_bRuMoRGB
_2psbo
801 1 _aRU
_bProSoft-M
_2rusmarc
852 _aNLR
_j38.78.4.52
899 _aRuMoRGB
_jU 58/67
899 _aRuMoRGB
_jU 405/360
899 _aБАН
942 _cBOOK
980 _aNB